000 01004nam a2200301 i 4500
003 EG-GICUC
005 20260223123312.0
008 260223s1908 uk ||||fr|||| 00| 0 eng d
040 _aEG-GiCUC
_beng
_cEG-GiCUC
_dEG-GiCUC
_erda
082 0 4 _221
_a341
_bBA . H
092 0 4 _221
099 _aLaw1 11 341 BA . H 1908
100 1 _aBaker, Sir G. Sherston
_eAuthor.
245 1 0 _aHalleck's International Law :
_bOr Rules Regulating the Intercourse of States in Peace and War.
_nVol II /
_cSir G. Sherston Baker.
250 _aFourth Edition
264 1 _aLondon :
_bKegan Paul, Trench, Trübner & Co. Ltd,
_c1908.
300 _a673pages :
_billustrations,
_c24 cm
336 _2rda content
_atext
337 _2rda media
_aComputer
338 _2rda carrier
_aOnline Resource
504 _a
546 _aText in English
650 1 4 _aPublic international law
_2
651 1 _2
856 4 0 _uhttps://fll.law.cu.edu.eg/fulltext/bks/B11-05870.pdf
905 _a50
942 _2ddc
_cBK
_e21
_n0
999 _c64072
_d64072